000 00290nam a22001337a 4500
008 171017b xxu||||| |||| 00| 0 eng d
020 _a9780130889843
041 _aeng
080 _a331.101.262
100 _a52
101 _aBNJ
245 _aACCELERATING
_cSWIFT, R.S
942 _2udc
_cBK
999 _c34336
_d34336